00314nam a2200133Ia 450000500170000000800410001704100080005808200160006610000120008224500380009426000250013230000090015765000140016620250729165723.0250729s2012 xx 000 0 und d aeng a370.25 PEAT aPearson aTeacher in Emerging Indian Socity aDelhibPearsonc2012 a320p aEducation